| 000 | 00929nam a22002057a 4500 | ||
|---|---|---|---|
| 999 |
_c1514 _d1514 |
||
| 003 | AR-CdUCM | ||
| 008 | 190227b ||||| |||| 00| 0 spa d | ||
| 040 |
_aMUNICIPALIDAD PROVINCIAL DEL CUSCO _cBIBLIOTECA MUNICIPAL DEL CUSCO |
||
| 082 |
_a848 / _bSO66 |
||
| 245 |
_aRazón ardiente : _bpoesía francesa de Apollinaire a nuestros días / |
||
| 260 |
_aLima : _bColmillo Blanco, _c1988. |
||
| 300 |
_a245 páginas ; _c21 cm. |
||
| 505 | _aContenido: Guillaume Apollinare -- Jules Supervielle -- Blaise Cendrars -- Saint-Jhon Perse -- Pierre Jean Jouve -- Pierre Reverdy --Paul Eluard -- Tristan Tzara -- Antonin Artaud -- André Breton -- Aragon -- Philipppe Soupault -- Benjamín Péret -- Henri Michaux ... | ||
| 650 |
_aLiteratura francesa _9913 |
||
| 650 |
_aPoesía francesa _95723 |
||
| 650 |
_aColecciones _9607 |
||
| 700 |
_aSologuren, Javier (traducción y selección) _95724 |
||
| 942 |
_2ddc _cLIBROS |
||
| 945 | _azta | ||